|
|
|
|
| LEADER |
00000nam a22000007a 4500 |
| 005 |
20180927233024.0 |
| 007 |
cr|||| ||| |
| 008 |
180927s2016 es |||||s|||| 00||0 spa d |
| 020 |
|
|
|a 978-84-9961-248-5
|
| 035 |
|
|
|a 22038
|
| 040 |
|
|
|a vLex
|
| 090 |
|
|
|c 8137
|d 8137
|
| 100 |
1 |
|
|a Sunstein, Cass R.
|
| 245 |
1 |
2 |
|a La revolucin̤ en los derechos
|h [Recurso electrn̤ico] :
|b redefiniendo el estado regulador /
|c Cass R. Sunstein
|
| 256 |
|
|
|a Servicio en ln̕ea
|
| 260 |
|
|
|a Madrid:
|b Editorial Universitaria Ramn̤ Areces,
|c 2016
|
| 300 |
|
|
|a 1 recurso electrn̤ico
|
| 500 |
|
|
|a Este libro explora el surgimiento de la regulacin̤ social y econm̤ica y sus consecuencias para el Derecho y el Gobierno Estadounidenses. Tiene tres objetivos concretos: defender la regulacin̤ gubernamental de los casos de abuso de influencia, describir la historia de la regulacin̤ gubernamental en los Estados Unidos y su rendimiento real a lo largo de la l︢tima generacin̤ y proponer una teora̕ interpretativa que los tribunales (y organismos administrativos) puedan utilizar para promover los objetivos constitucionales y para mejorar, al mismo tiempo, el funcionamiento de los programas de regulacin̤.
|
| 506 |
1 |
|
|a Disponible solo en los productos indicados
|d vLex Global
|d vLex Global (Academic Edition, excluding Law Schools)
|d vLex Global (U.S. Academic Edition, Law Schools)
|d vLex Global (U.S. Academic Edition, excluding Law Schools)
|d vLex Global (Academic Edition, Law Schools)
|
| 650 |
0 |
4 |
|a Derecho Civil
|z Espaą
|
| 650 |
0 |
4 |
|a Economa̕ y negocios
|z Espaą
|
| 740 |
0 |
|
|a vLex Libros (Servicio en ln̕ea)
|
| 856 |
4 |
0 |
|u http://vlex.com/source/revolucion-en-los-derechos-redefiniendo-el-estado-regulador-22038
|z Acceso restringido
|
| 942 |
|
|
|c BOOK
|
| 999 |
0 |
|
|a Civil Law
|
| 999 |
0 |
|
|a Economy and business
|